| 000 | 00908nam a22002057a 4500 | ||
|---|---|---|---|
| 999 |
_c56358 _d56358 |
||
| 005 | 20210512093533.0 | ||
| 008 | s2550 th tha d | ||
| 020 | _a9789747489590 | ||
| 040 | _aNALT | ||
| 041 | _atha | ||
| 050 |
_aPN 4193.K5 _bภ671ป 2550 |
||
| 110 | 2 |
_940396 _aกองบรรรณาธิการ GPP |
|
| 245 | 1 | 0 |
_aประมวลพระราชดำรัสดับวิกฤติชาติ / _cกองบรรรณาธิการ GPP. |
| 260 |
_aกรุงเทพฯ : _bกรีน-ปัญญาญาณ, _c2550. |
||
| 300 |
_a134 หน้า ; _b _c21 ซม. |
||
| 600 | 0 | 0 |
_aภูมิพลอดุลยเดช, _cพระบาทสมเด็จพระเจ้าอยู่หัว _xพระราชดำรัส _96644 |
| 850 | _aNALT | ||
| 942 |
_cGB _2lcc |
||
| 998 |
_j104 _k สายฝน ดีงาม |
||